Southville International School and Colleges
Your cart is empty.
  • Cart
  • Lists
    Public lists Eva Luna New books Lux_list list_1
    Your lists Log in to create your own lists
  • Log in to your account
  • Your cookies
  • Search history
Southville International School and Colleges
  • Advanced search
  • Recent comments
  • Most popular
  • Libraries

Log in to your account

Log in with GOOGLE


If you do not have an external account, but do have a local account, you can still log in:

  1. Home
  2. MARC view: Nene urges government to reassert Sabah claim/
Normal view MARC view ISBD view

Nene urges government to reassert Sabah claim/ (Record no. 361771)

[ view plain ]
MARC details
000 -LEADER
fixed length control field 00424nam a2200157Ia 4500
008 - FIXED-LENGTH DATA ELEMENTS--GENERAL INFORMATION
fixed length control field 190430s9999 xx 000 0 und d
100 ## - MAIN ENTRY--PERSONAL NAME
Personal name Echeminada, Perseus
245 ## - TITLE STATEMENT
Title Nene urges government to reassert Sabah claim/
245 ## - TITLE STATEMENT
Statement of responsibility, etc Perseus Echeminada
260 ## - PUBLICATION, DISTRIBUTION, ETC. (IMPRINT)
Name of publisher, distributor, etc The Philippine Star
260 ## - PUBLICATION, DISTRIBUTION, ETC. (IMPRINT)
Date of publication, distribution, etc 2018
300 ## - PHYSICAL DESCRIPTION
Extent December 12
440 ## - SERIES STATEMENT/ADDED ENTRY--TITLE
Title The Philippine Star
650 ## - SUBJECT ADDED ENTRY--TOPICAL TERM
Topical term or geographic name as entry element Geography
650 ## - SUBJECT ADDED ENTRY--TOPICAL TERM
Topical term or geographic name as entry element Sabah (Malaysia)
Holdings
Withdrawn status Lost status Damaged status Home library Current library Date acquired Total Checkouts Date last seen Price effective from Koha item type
      Luxembourg Library Luxembourg Library 04/30/2019   04/30/2019 04/30/2019 Periodicals

Nene urges government to reassert Sabah claim/

APA

Echeminada P., .Nene urges government to reassert Sabah claim. : The Philippine Star.

Chicago

Echeminada Perseus, .Nene urges government to reassert Sabah claim. : The Philippine Star.

Harvard

Echeminada P., .Nene urges government to reassert Sabah claim. : The Philippine Star.

MLA

Echeminada Perseus, .: The Philippine Star. .

  • Place hold
  • Print
  • Cite
  • Add to your cart (remove)
  • Save record
    BIBTEX Dublin Core MARCXML MARC (non-Unicode/MARC-8) MARC (Unicode/UTF-8) MARC (Unicode/UTF-8, Standard) MODS (XML) RIS
  • More searches
    Search for this title in:
    Other Libraries (WorldCat) Other Databases (Google Scholar) Online Stores (Bookfinder.com) Open Library (openlibrary.org)

Exporting to Dublin Core...

SOUTHVILLE LIBRARY

Southville International School and Colleges Library

1281 Tropical Ave. Cor. Luxembourg St., BF Homes International, Las Pinas City

Tel. No. 8256374 / 252358 Loc. 117/146

Powered by Koha